000 00546nam a2200217Ia 4500
003 OSt
005 20220928141447.0
006 a|||||r|||| 00| 0
007 ta
008 220927b |||||||| |||| 00| 0 eng d
024 _a15206
037 _cTextual
040 _aSDCL
_cSDCL
_beng
041 _2eng
_aeng
082 _aD65,5:4x, M5.1
100 _aLi Tingye Ed.
_9500333
245 0 _aOptical fiber communications.V1.
260 _c1985
942 _hD65,5:4x, M5.1
_cTEXL
_2CC
999 _c817615
_d817615